| 000 | 00684cam a2200241 4500 | ||
|---|---|---|---|
| 001 | J504 | ||
| 008 | 090401t1991 xxu||||| |||| 00| 0 eng d | ||
| 035 | _a(Sirsi) u75345 | ||
| 041 | _aeng | ||
| 050 | _a711.1 | ||
| 100 | _aGeraghty, P.J. | ||
| 245 | _aEnvironmental assessment and the developer. | ||
| 260 |
_aAscot, Berks. _bChartered Institute of Building _c1991 |
||
| 300 | _a8p. ; 30cm. | ||
| 350 | _a3.5 | ||
| 490 |
_aTechnical Information Service _v139 |
||
| 650 | _aDEVELOPMENT | ||
| 650 | _aENVIRONMENTAL IMPACT ASSESSMENTS | ||
| 690 | _aENVIRONMENTAL AND LAND CONSULTANCY | ||
| 710 |
_aChartered Institute of Building _92134 |
||
| 942 | _n0 | ||
| 948 | _c04/03/1997 | ||
| 999 |
_c95994 _d95994 |
||